Stray kids songs- sudden death - Statistics

General Stats
  • This quiz has been taken 747 times
  • The average score is 10 of 12
Answers on the Grid
Answers color-coded by a green-red scale on the quiz's grid according to % correct below.
hellevator
chk chk boom
heyday
sweet venom
blood sweat & tears
deja vu
work
district 9
walking on water
drunk dazed
ice on my teeth
3racha
seven
beware
cat & dog
my pace
nice guy
lose my breath
one and only
xo
maniac
case 143
circus
serenade
 
Answer Stats
Answer % Correct
chk chk boom
96%
hellevator
94%
case 143
88%
maniac
88%
district 9
87%
circus
84%
walking on water
84%
3racha
83%
lose my breath
81%
my pace
80%
heyday
67%
beware
57%
No matching quizzes found
Score Distribution
Percent of People with Each Score
Percentile by Number Answered
Your Score History
You have not taken this quiz